Written Communication: Soft Skills for a Digital Workplace (Record no. 13225)

MARC details
000 -LEADER
fixed length control field 00424nam a22001697a 4500
003 - CONTROL NUMBER IDENTIFIER
control field OSt
008 - FIXED-LENGTH DATA ELEMENTS--GENERAL INFORMATION
fixed length control field 250403b |||||||| |||| 00| 0 eng d
020 ## - INTERNATIONAL STANDARD BOOK NUMBER
International Standard Book Number 9789355735744
082 ## - DEWEY DECIMAL CLASSIFICATION NUMBER
Classification number 651.7 BUW
100 ## - MAIN ENTRY--PERSONAL NAME
Personal name BUTTERFIELD, Jeff
245 ## - TITLE STATEMENT
Title Written Communication: Soft Skills for a Digital Workplace
250 ## - EDITION STATEMENT
Edition statement 3rd ed.
260 ## - PUBLICATION, DISTRIBUTION, ETC. (IMPRINT)
Place of publication, distribution, etc India,
Name of publisher, distributor, etc Cengage,
Date of publication, distribution, etc 2017,
300 ## - PHYSICAL DESCRIPTION
Extent 120 p.
650 ## - SUBJECT ADDED ENTRY--TOPICAL TERM
Topical term or geographic name as entry element English
942 ## - ADDED ENTRY ELEMENTS (KOHA)
Source of classification or shelving scheme Dewey Decimal Classification
Koha item type Text Books
Holdings
Withdrawn status Lost status Source of classification or shelving scheme Damaged status Not for loan Collection code Home library Current library Date acquired Source of acquisition Currency Cost, normal purchase price Bill Number Total Checkouts Full call number Acc. no. / Barcode Date last seen Actual Cost, discounted price Bill Date Koha item type
    Dewey Decimal Classification     B.A Hons. English PIET NCR College Library PIET NCR College Library 28/03/2025 Zafaa Books & Distributers In Rupees 425.00 ZBD0583   651.7 BUW N3812 03/04/2025 306.00 28/03/2025 Reference Books
    Dewey Decimal Classification     B.A Hons. English PIET NCR College Library PIET NCR College Library 28/03/2025 Zafaa Books & Distributers In Rupees 425.00 ZBD0583   651.7 BUW N3813 03/04/2025 306.00 28/03/2025 Text Books
    Dewey Decimal Classification     B.A Hons. English PIET NCR College Library PIET NCR College Library 28/03/2025 Zafaa Books & Distributers In Rupees 425.00 ZBD0583   651.7 BUW N3814 03/04/2025 306.00 28/03/2025 Text Books
    Dewey Decimal Classification     B.A Hons. English PIET NCR College Library PIET NCR College Library 28/03/2025 Zafaa Books & Distributers In Rupees 425.00 ZBD0583   651.7 BUW N3815 03/04/2025 306.00 28/03/2025 Text Books
    Dewey Decimal Classification     B.A Hons. English PIET NCR College Library PIET NCR College Library 28/03/2025 Zafaa Books & Distributers In Rupees 425.00 ZBD0583   651.7 BUW N3816 03/04/2025 306.00 28/03/2025 Text Books

Design & Developed by: PIET Central Library
R70 Miles Stone Pattikalyana Samalkha Panipat 132102
mail ID :- [email protected], Phone No:- 0180-2569700 Ex.216